Ευρωπαϊκό κοινοτικό δίκαιο : ενημέρωση (ενιαία ευρωπαική πράξη)
Αποθηκεύτηκε σε:
| Κύριος συγγραφέας: | |
|---|---|
| Μορφή: | Βιβλίο |
| Γλώσσα: | Greek |
| Δημοσίευση: |
Αθήνα :
Αντ.Ν.Σάκκουλα,
1989
|
| Έκδοση: | 3η έκδ. |
| Θέματα: | |
| Ετικέτες: |
Προσθήκη ετικέτας
Δεν υπάρχουν, Καταχωρήστε ετικέτα πρώτοι!
|
MARC
| LEADER | 00000cam a2200000 i 4500 | ||
|---|---|---|---|
| 001 | 1/24387 | ||
| 008 | 950512s1985 gre d | ||
| 035 | |l 10022279 | ||
| 040 | |a GR-MY-UA |b gre |e aacr | ||
| 041 | 0 | |a gre | |
| 082 | 0 | |a 341.2422 | |
| 100 | 1 | |a Δαγτόγλου, Πρόδρομος Δ. | |
| 245 | 1 | 0 | |a Ευρωπαϊκό κοινοτικό δίκαιο : |b ενημέρωση (ενιαία ευρωπαική πράξη) / |c Π.Δ.Δαλτόγλου |
| 250 | |a 3η έκδ. | ||
| 260 | |a Αθήνα : |b Αντ.Ν.Σάκκουλα, |c 1989 | ||
| 500 | |a Μέρος Ι:ενημέρωση (Ενιαία Ευρωπαική Πράξη) | ||
| 610 | 2 | 0 | |a European Economic Community |z Greece. |
| 650 | 0 | 0 | |a Legislation |z European Economic Community countries. |
| 852 | |a INST |b CHIOS |e 19960308 |h 341.2422 ΔΑΓ |p 005200002852 |q 005200002852 |t BK |y 12 |z τ.1 | ||
| 852 | |a INST |b CHIOS |e 19960308 |h 341.2422 ΔΑΓ |p 005200002852 |q 005200002852 |t BK |v τ.1: |y 12 |z τ.1 | ||
| 853 | |a INST |b CHIOS |h 341.2422 ΔΑΓ | ||
| 909 | |a Χ |b 018148 | ||